| 000 | 00310nam a2200109 4500 | ||
|---|---|---|---|
| 008 | 180217b xxu||||| |||| 00| 0 eng d | ||
| 245 | _aLeptospirosis alert raised after typhoon. | ||
| 260 |
_aPhilippines _bPhilippine Daily Inquirer _cc2016 |
||
| 300 | _apage A11. | ||
| 650 | 0 |
_926621 _aDiseases. |
|
| 942 |
_2ddc _cPER |
||
| 999 |
_c8728 _d8728 |
||